Logistický proces a toky zboží
Logistický proces ako súčinnosť výrobných, dopravných a skladovacích procesov. Uzly a úseky v logistickom procese. Tovarové toky a nákladná doprava. Dopravný proces. Organizácia dopravných reťazcov. Štruktúra dopravného reťazca.
Saved in:
| Main Author: | |
|---|---|
| Format: | Book Chapter |
| Language: | Czech |
| Subjects: | |
| Tags: |
No Tags, Be the first to tag this record!
|
MARC
| LEADER | 00000naa$a2200000$$$4500 | ||
|---|---|---|---|
| 001 | 0068923 | ||
| 005 | 20231128133933.2 | ||
| 041 | 0 | |a cze | |
| 044 | |a CZ | ||
| 245 | 1 | 0 | |a Logistický proces a toky zboží |c Mária Kuzmová |
| 520 | |a Logistický proces ako súčinnosť výrobných, dopravných a skladovacích procesov. Uzly a úseky v logistickom procese. Tovarové toky a nákladná doprava. Dopravný proces. Organizácia dopravných reťazcov. Štruktúra dopravného reťazca. | ||
| 610 | 2 | 0 | |a logistika |
| 610 | 2 | 0 | |a doprava nákladná |
| 610 | 2 | 0 | |a tok tovaru |
| 610 | 2 | 0 | |a skladovanie |
| 610 | 2 | 0 | |a distribúcia |
| 610 | 2 | 0 | |a náklady |
| 610 | 2 | 0 | |a čas |
| 610 | 2 | 0 | |a kvalita |
| 100 | 1 | |a Kuzmová, Mária | |